000 00487ntaaa2200193 4500
003 01
005 20251027200740.0
008 0714s1973 ag 01
040 _aAR-BaBN
_bspa
_cAR-BaBN
_eaacr
_dRIC
082 _a783.9
100 _as.n.
_92840
245 _aHimnos favoritos /
_cs.n.
260 _as.l. :
_bCasa Bautista de Publicaciones,
_c1951
300 _a185 p.
500 _a"Una colección de himnos y cantos favoritos"
650 _aMusica
650 _aHimnos
942 _cBK
999 _c1779
_d1779